Villes les plus peuplées par lettre - Statistiques

Statistiques générales
  • Ce quiz a été pris 89 fois
  • Le résultat moyen est 6 sur 23
Statistiques - réponses
Hint Réponse % Correct
N New york
70%
S Shanghai
69%
J Jakarta
58%
L Lagos
50%
K Karachi
45%
R Rio de Janeiro
43%
D Delhi
39%
M Mumbai
39%
I Istanbul
34%
X Xi'an
34%
W Wuhan
26%
T Tianjin
24%
G Guangzhou
21%
B Bangalore
20%
C Caire
19%
A Ahmedabad
16%
H Ho chi min
11%
P Pyongyang
6%
F Faisalabad
5%
Q Quanzhou
4%
Y Yangon
4%
E Ekurhuleni
1%
Z Zunyi
1%
Aucun quiz correspondant
Distribution des résultats
% des personnes avec chaque résultat
Percentile par nombre de réponses
Votre historique - résultats
Vous n’avez pas pris ce quiz